| 000 | 00567nam a2200169Ia 4500 | ||
|---|---|---|---|
| 008 | 230917s9999||||xx |||||||||||||| ||und|| | ||
| 020 | _cRS600 | ||
| 040 |
_e227628 _aMAIN |
||
| 041 | _aEnglish | ||
| 082 | _a891.43172109 VA215:AP | ||
| 100 | _aअग्रवााल, पुरूषोत्तम | ||
| 245 | 0 | _aकोलाज अशोक वाजपेयी | |
| 260 |
_aनई दिल्ली _bराजकमल प्रकाशन _c2012 |
||
| 300 | _a184 पृ. p. | ||
| 500 | _a2080 13/08/2015 RKP15/3933 22/08/2015 Main Budget | ||
| 942 | _cBK | ||
| 999 |
_c15525 _d15525 |
||